| LEADER 00000nas 2200000uu 4500 |
| 001 210353 |
| 003 ULIBM |
| 008 150203s||||||||th 000 0 tha d |
| 022 0 ^a0360-4039
|
| 041 0 ^aeng
|
| 090 ^aSERIALS 2011
|
| 245 10 ^aNursing 2011 [Journal]
|
| 260 ^aHagerstown,MD : ^bWolters Kluwer/Lippincott Williams & Wilkins,^c2011
|
| 310 ^aรายเดือน
|
| 650 4 ^aNursing ^xPeriosdicals
|
| 850 ^aVol.41 No.1 January 2011;Vol.41 No.2 February 2011;Vol.41 No.3 March 2011 ;Vol.41 No.4 April 2011;Vol.41 No.5 May 2011;Vol.41 No.6 June 2011;Vol.41 No.7 July 2011;Vol.41 No.8 August 2011;Vol.41 No.9 September 2011;Vol.41 No.10 October 2011
|
| 999 ^aใช้งานได้ทุกระบบ
|